000 00341nam a2200145Ia 4500
005 20251222153601.0
008 251222s9999||||xx |||||||||||||| ||spa||
020 _a8486917433
082 _a616.33/D71/T.I
100 _aDĂ­az Rubio, M.
245 0 _aGastroenterologĂ­a
250 _a1ra. ed.
264 _bIntersistemas
942 _cLIB
999 _c31216
_d31216